Statistics for Guess the Empire based of their landmass

Click here to take the quiz!

General Stats

  • This quiz has been taken 19 times
  • The average score is 2 of 10

Answer Stats

HintAnswer% Correct
35.5M Km²British Empire
78%
5.2M Km²Ottoman Empire
44%
5.0M Km²Roman Empire
39%
8.337M Km²Empire Of Brazil
6%
4.0M Km²Hunnic Empire
6%
4.4M Km²Timurid Empire
6%
3.147M Km²German Colonial Empire
0%
14.7M Km²Qing Dinasty
0%
11.5M Km²Second French Colonial Empire
0%
4.6M Km²Tibetan Empire
0%

Score Distribution

Percentile by Number Answered

Percent of People with Each Score

Your Score History

You have not taken this quiz